| 000 | 01096nam a2200253 a 4500 | ||
|---|---|---|---|
| 001 | 000010953 | ||
| 003 | DO-SdBNP | ||
| 005 | 20240306073904.0 | ||
| 008 | 091013s19771978dr r 000 0 spa d | ||
| 040 |
_aDO-SdBNP _bspa _cBNPHU |
||
| 082 | 4 |
_a610.97293 _bM896a _222 |
|
| 100 | 1 |
_a Moscoso Puello, F. E., _q (Francisco Eujenio) _d1885-1959 _958361 |
|
| 245 | 1 | 0 |
_aApuntes para la historia de la medicina de la isla de Santo Domingo. / _cF. E. Moscoso Puello ; prólogo y notas Manuel Mañón Arredondo, Vetilio Alfau Durán. |
| 260 |
_aSanto Domingo : _bLibrería Dominicana, _c1977-1978. |
||
| 300 |
_a3 v. ; _c23 cm. |
||
| 504 | _aIncluye referencias bibliográficas y notas al pie de las páginas. | ||
| 590 | _aInventariado,2018/DG | ||
| 650 | 4 |
_aMedicina _zRepública Dominicana _xHistoria _918658 |
|
| 650 | 4 |
_aMedicina _zIsla La Española (Haití y República Dominicana ) _xHistoria _926362 |
|
| 700 | 1 | 2 |
_aMañón Arredondo, Manuel, _epról. _926325 |
| 700 | 1 | 2 |
_aAlfau Durán, Vetilio, _d1909-1985 _epról. _910091 |
| 910 | _aValidado. Control de calidad. MMOLINA | ||
| 942 |
_2ddc _cLBS1 |
||
| 999 |
_c10691 _d10691 |
||